Alternatívny transfer rizika a poistenie prírodných katastrof

Alternatívny transfer rizika (ART), jeho výhody a charakteristické črty. Nositelia ART, ich činnosť a význam. V rámci sekuritizácie poistných rizík objasnenie existencie katastrofických dlhopisov. V prípade nastania živelnej katastrofy hrozí strata kupónu alebo celej nominálnej hodnoty. Odpovedajúce...

Ausführliche Beschreibung

Gespeichert in:
Bibliographische Detailangaben
1. Verfasser: Pinda, Ľudovít, 1958-
Weitere Verfasser: Starečková, Anna, Chmelová, Petra
Format: Buchkapitel
Sprache:Slowakisch
Schlagworte:
Tags: Tag hinzufügen
Keine Tags, Fügen Sie das erste Tag hinzu!

MARC

LEADER 00000nla$a2200000$$$4500
001 0068382
005 20240502071827.0
041 0 |a slo 
044 |a SK 
245 1 0 |a Alternatívny transfer rizika a poistenie prírodných katastrof  |c Ľudovít Pinda, Anna Starečková, Petra Chmelová 
520 |a Alternatívny transfer rizika (ART), jeho výhody a charakteristické črty. Nositelia ART, ich činnosť a význam. V rámci sekuritizácie poistných rizík objasnenie existencie katastrofických dlhopisov. V prípade nastania živelnej katastrofy hrozí strata kupónu alebo celej nominálnej hodnoty. Odpovedajúce transakcie a porovnanie prípadov straty kupónu alebo celej nominálnej hodnoty. 
610 2 0 |a riziko 
610 2 0 |a poistenie 
610 2 0 |a dlhopisy 
610 2 0 |a zaisťovne 
610 2 0 |a sekuritizácia 
100 1 |a Pinda, Ľudovít, 1958- 
700 1 |a Starečková, Anna 
700 1 |a Chmelová, Petra